000
00446nam a2200133Ia 4500
008
100328s9999 xx 000 0 und d
082
_b
30561
100
_a
रेटर नाना
245
_a
भाव-नाट्य अर्थात नकला
260
_b
पुजा
630
_a
भाव-नाट्य अर्थात नकला
730
_a
भाव-नाट्य अर्थात नकला
942
_c
BOOK
999
_c
521531
_d
521528